Three essays on the Mahabharata ; (Record no. 142378)

MARC details
000 -LEADER
fixed length control field 00819nam a22002057a 4500
005 - DATE AND TIME OF LATEST TRANSACTION
control field 20170707155400.0
010 ## - LCCN (DPL NO)
LC control number B-667891
020 ## - INTERNATIONAL STANDARD BOOK NUMBER
International Standard Book Number 9788125060710
Terms of availability 945.00
035 ## - SYSTEM CONTROL NUMBER
System control number B-667891
037 ## - SOURCE OF ACQUISITION
Source of stock number/acquisition TBI
082 ## - DEWEY DECIMAL CLASSIFICATION NUMBER
Classification number 294.5924046
100 ## - MAIN ENTRY--PERSONAL NAME
Personal name Bandyopadhyay,Sibaji
245 ## - TITLE STATEMENT
Title Three essays on the Mahabharata ;
Remainder of title exercises in literrary hermeneutics /
Statement of responsibility, etc by Shibaji,Bandyopadhyay
260 ## - PUBLICATION, DISTRIBUTION, ETC. (IMPRINT)
Place of publication, distribution, etc New Delhi
Name of publisher, distributor, etc Orient BlackSwan
Date of publication, distribution, etc 2016
270 ## - ADDRESS
Address 1/24 Asaf Ali Road
City New Delhi
Postal code 110002
300 ## - PHYSICAL DESCRIPTION
Extent vii,322p.
Dimensions 23cm(Hb)
500 ## - GENERAL NOTE
General note Includes bibliographical references
942 ## - ADDED ENTRY ELEMENTS (KOHA)
Source of classification or shelving scheme Dewey Decimal Classification
Item type English Books
Call number suffix BAN
Classification part 294.5924046
Holdings
Withdrawn status Lost status Not for loan Collection code Home library Current library Date acquired Source of acquisition Cost, normal purchase price Full call number Barcode Copy number Cost, replacement price Koha item type
      Non-fiction Ashok Vihar Ashok Vihar 07/07/2017 BPPD/EN/2016-17/AV/16-17/472/15.02.2017/TZ17430/24.02.2017/18.03.2017 945.00 294.5924046 BAN B-667891 1 945.00 English Books

© Delhi Public Library
Hit Counter
free hit counter